[Event "NOR-chT Elite 2122"]
[Site "Norway"]
[Date "2021.10.31"]
[Round "3.1"]
[White "Flermoen, Peter"]
[Black "Haldorsen, Benjamin"]
[Result "0-1"]
[WhiteElo "2306"]
[BlackElo "2455"]
[PlyCount "116"]
[EventDate "2021.10.28"]
[EventType "team-tourn"]
[EventRounds "9"]
[EventCountry "NOR"]
[SourceTitle "CBM 204 Extra"]
[Source "ChessBase"]
[SourceDate "2021.11.30"]
[SourceVersion "1"]
[SourceVersionDate "2021.11.30"]
[SourceQuality "1"]
[WhiteTeam "Alta"]
[BlackTeam "Offerspill"]
[WhiteTeamCountry "NOR"]
[BlackTeamCountry "NOR"]

1. e4 e5 2. Nf3 Nc6 3. Bc4 Nf6 4. d3 h6 5. c3 d6 6. Bb3 g5 7. h4 g4 8. Nh2 Rg8 9. Nf1 d5 10. Ng3 Be6 11. Qe2 Qd7 12. Nd2 0-0-0 13. Bc2 d4 14. c4 Ne7 15. h5 Nh7 16. a3 Ng5 17. Nb3 b6 18. Bxg5 Rxg5 19. Nd2 Ng8 20. b4 Kb7 21. Qd1 Nf6 22. Ba4 c6 23. Qc2 Ra8 24. Rb1 a5 25. c5 b5 26. Bb3 a4 27. Ba2 Be7 28. Ke2 Ne8 29. Rbg1 Ng7 30. Kd1 Rf8 31. Rh2 Ne8 32. Kc1 Rg7 33. Kb1 Bg5 34. Rhh1 Qc8 35. Ndf1 Qd8 36. Kb2 Qf6 37. Kb1 Bf4 38. Kb2 Rgg8 39. Kb1 Kc7 40. Kb2 Kb7 41. Kb1 Bg5 42. Kb2 Ng7 43. Kb1 Ra8 44. Qe2 Bf4 45. Qc2 Ra6 46. Qe2 Ra7 47. Qb2 Ra6 48. Ka1 Ra7 49. Bb1 Bb3 50. Rh2 Qg5 51. Qe2 Bc1 52. Qe1 Bxa3 53. Ne2 Ne6 54. Nfg3 Nc7 55. f4 exf4 56. Nf5 Na6 57. Nexd4 Bxb4 58. Qc1 Qf6 0-1

[Event "NOR-chT 1718"]
[Site "Norway"]
[Date "2018.01.14"]
[Round "6.3"]
[White "Flermoen, Peter"]
[Black "Aulin Jansson, Joran"]
[Result "1-0"]
[WhiteElo "2252"]
[BlackElo "2270"]
[PlyCount "71"]
[EventDate "2017.11.03"]
[EventType "team-tourn"]
[EventRounds "9"]
[EventCountry "NOR"]
[SourceTitle "EXT 2019"]
[Source "ChessBase"]
[SourceDate "2018.10.10"]
[SourceVersion "1"]
[SourceVersionDate "2018.10.10"]
[SourceQuality "1"]
[WhiteTeam "Alta"]
[BlackTeam "Asker"]
[WhiteTeamCountry "NOR"]
[BlackTeamCountry "NOR"]

1. e4 c6 2. d4 d5 3. Nc3 dxe4 4. Nxe4 Nf6 5. Nxf6+ exf6 6. Nf3 Bd6 7. Bd3 0-0 8. 0-0 Bg4 9. h3 Bh5 10. Re1 Nd7 11. Bf5 Re8 12. Be3 Nb6 13. g4 Bg6 14. Nh4 Bc7 15. Qf3 Qd6 16. Rad1 Re7 17. b3 Rae8 18. c4 Nd7 19. Re2 Nf8 20. d5 Nd7 21. Rdd2 Ne5 22. Qg2 cxd5 23. Rxd5 Qa3 24. Rc2 Nc6 25. Rd1 Qa5 26. c5 Bb8 27. Rcd2 Ne5 28. Kh1 Bc7 29. Qxb7 h5 30. Bxg6 Nxg6 31. Nf5 Rxe3 32. Nxe3 Bf4 33. b4 Qa3 34. Rd8 Rxd8 35. Rxd8+ Kh7 36. gxh5 1-0

[Event "NOR-chT 1516"]
[Site "Norway"]
[Date "2016.01.17"]
[Round "6.3"]
[White "Royset, Pal"]
[Black "Flermoen, Peter"]
[Result "1-0"]
[WhiteElo "2234"]
[BlackElo "2250"]
[PlyCount "125"]
[EventDate "2015.10.30"]
[EventType "team-tourn"]
[EventRounds "9"]
[EventCountry "NOR"]
[SourceTitle "CBM 170 Extra"]
[Source "ChessBase"]
[SourceDate "2016.02.25"]
[SourceVersion "1"]
[SourceVersionDate "2016.02.25"]
[SourceQuality "1"]
[WhiteTeam "Tromsoe"]
[BlackTeam "Trondheim"]
[WhiteTeamCountry "NOR"]
[BlackTeamCountry "NOR"]

1. e4 e6 2. d4 d5 3. Nc3 Bb4 4. Nge2 Nf6 5. Bg5 h6 6. Bxf6 Qxf6 7. a3 Bxc3+ 8. Nxc3 dxe4 9. Nxe4 Qe7 10. Qd2 0-0 11. f4 b6 12. g3 Bb7 13. Bg2 Nd7 14. 0-0-0 Rad8 15. Nc3 Bxg2 16. Qxg2 Nf6 17. Rhe1 Qd7 18. Qf3 Nd5 19. Ne4 Qc6 20. Rd3 a5 21. Nd2 Ne7 22. Qf2 Rd5 23. Nf3 Rfd8 24. Red1 Qa4 25. Ne5 Nf5 26. c4 R5d6 27. g4 Ne7 28. Qc2 Qxc2+ 29. Kxc2 f6 30. Nf3 Ng6 31. f5 exf5 32. gxf5 Ne7 33. Nh4 Nc6 34. Kc3 Re8 35. d5 Ne5 36. Rg3 Rd7 37. Re1 Ree7 38. Rge3 b5 39. Ng6 bxc4 40. Nxe7+ Rxe7 41. Rd1 Kf7 42. d6 cxd6 43. Rxd6 Rb7 44. Re2 Rb3+ 45. Kd4 Rd3+ 46. Kc5 Rf3 47. Ra6 Rxf5 48. Ra7+ Ke6 49. Rxg7 Rf3 50. Rg3 Rf5 51. Kb5 Kd5 52. Kxa5 Kc5 53. Rg8 Rf3 54. Rc8+ Nc6+ 55. Ka4 Kd5 56. Rd2+ Rd3 57. Rxd3+ cxd3 58. Kb3 f5 59. Kc3 Ne5 60. Rd8+ Ke4 61. Re8 f4 62. Rxe5+ Kxe5 63. Kxd3 1-0

[Event "NOR-chT 1516"]
[Site "Norway"]
[Date "2016.01.15"]
[Round "4.2"]
[White "Flermoen, Peter"]
[Black "Getz, Nicolai"]
[Result "1/2-1/2"]
[WhiteElo "2250"]
[BlackElo "2410"]
[PlyCount "90"]
[EventDate "2015.10.30"]
[EventType "team-tourn"]
[EventRounds "9"]
[EventCountry "NOR"]
[SourceTitle "CBM 170 Extra"]
[Source "ChessBase"]
[SourceDate "2016.02.25"]
[SourceVersion "1"]
[SourceVersionDate "2016.02.25"]
[SourceQuality "1"]
[WhiteTeam "Trondheim"]
[BlackTeam "OSS"]
[WhiteTeamCountry "NOR"]
[BlackTeamCountry "NOR"]

1. e4 c5 2. Nc3 Nc6 3. g3 g6 4. Bg2 Bg7 5. d3 d6 6. Nge2 Nf6 7. 0-0 0-0 8. h3 Rb8 9. Rb1 b5 10. a3 a5 11. a4 b4 12. Nb5 e6 13. Be3 Qe7 14. c4 Bb7 15. Qd2 Ne5 16. Nc1 Nfd7 17. Nb3 Ra8 18. Nc7 Rac8 19. Nb5 Nc6 20. f4 Rfd8 21. Qf2 Bf8 22. Kh2 Ba8 23. Rbd1 Qe8 24. Rd2 Nb6 25. Ra1 Be7 26. Qe2 Qf8 27. d4 cxd4 28. N3xd4 Nxd4 29. Bxd4 Nxc4 30. Rc2 d5 31. exd5 Bxd5 32. Bxd5 exd5 33. b3 Na3 34. Rxc8 Rxc8 35. Qe5 Rc2+ 36. Kh1 f6 37. Qxd5+ Qf7 38. Qxf7+ Kxf7 39. Bb6 Rb2 40. Nd4 Nc2 41. Nxc2 Rxc2 42. Bxa5 Bc5 43. Bd8 Rc3 44. a5 Rxb3 45. Bb6 Rc3 1/2-1/2

[Event "Wch U18"]
[Site "Durban"]
[Date "2014.09.28"]
[Round "10"]
[White "Javanbakht, Nima"]
[Black "Flermoen, Peter"]
[Result "1-0"]
[WhiteElo "2364"]
[BlackElo "2226"]
[PlyCount "89"]
[EventDate "2014.09.20"]
[EventType "swiss"]
[EventRounds "11"]
[EventCountry "RSA"]
[SourceTitle "CBM 162 Extra"]
[Source "ChessBase"]
[SourceDate "2014.10.17"]
[SourceVersion "1"]
[SourceVersionDate "2014.10.17"]
[SourceQuality "1"]

1. d4 Nf6 2. c4 g6 3. Nc3 d5 4. cxd5 Nxd5 5. e4 Nxc3 6. bxc3 Bg7 7. Bc4 c5 8. Ne2 Nc6 9. Be3 0-0 10. 0-0 Qc7 11. Rc1 Na5 12. Bd3 b6 13. Qd2 Bb7 14. Bh6 cxd4 15. cxd4 Qd7 16. h4 Bxh6 17. Qxh6 Rac8 18. h5 Rxc1 19. Rxc1 Rc8 20. Rxc8+ Qxc8 21. e5 Qg4 22. Nf4 e6 23. hxg6 hxg6 24. Kh2 Bd5 25. f3 Bxf3 26. Bxg6 fxg6 27. gxf3 Qxf3 28. Qxg6+ Kf8 29. Qf6+ Ke8 30. Qxe6+ Kd8 31. Qg8+ Kc7 32. Qf7+ Kb8 33. e6 Nc6 34. Qf8+ Kb7 35. e7 Nxe7 36. Qxe7+ Kc8 37. Qe6+ Kc7 38. Nd5+ Kb7 39. Qd7+ Ka6 40. Qa4+ Kb7 41. Qd7+ Ka6 42. Nb4+ Ka5 43. Nc6+ Ka6 44. Qxa7+ Kb5 45. a4+ 1-0

[Event "Fagernes Norsk op-A"]
[Site "Fagernes"]
[Date "2014.04.19"]
[Round "8"]
[White "Lillevold, Frode"]
[Black "Flermoen, Peter"]
[Result "0-1"]
[WhiteElo "2182"]
[BlackElo "2232"]
[PlyCount "76"]
[EventDate "2014.04.13"]
[EventType "swiss"]
[EventRounds "9"]
[EventCountry "NOR"]
[SourceTitle "CBM 159 Extra"]
[Source "ChessBase"]
[SourceDate "2014.04.24"]
[SourceVersion "1"]
[SourceVersionDate "2014.04.24"]
[SourceQuality "1"]

1. d4 Nf6 2. c4 g6 3. Nc3 d5 4. Nf3 Bg7 5. Bg5 Ne4 6. Bh4 Nxc3 7. bxc3 dxc4 8. Qa4+ c6 9. Qxc4 Qa5 10. e3 Be6 11. Qb4 Qxb4 12. cxb4 Bd5 13. Be2 Nd7 14. 0-0 e5 15. Rfd1 0-0 16. Bg3 exd4 17. Nxd4 a5 18. a3 Rfe8 19. Rab1 axb4 20. axb4 Ra2 21. Bf3 Nb6 22. b5 c5 23. Nf5 gxf5 24. Bxd5 Nxd5 25. Rxd5 c4 26. Rc5 c3 27. Kf1 b6 28. Rc6 Rb2 29. Rc1 Rxb5 30. Bc7 Re6 31. Rxe6 fxe6 32. f4 Rb3 33. Be5 Bxe5 34. fxe5 b5 35. Ke2 b4 36. g4 fxg4 37. Rg1 h5 38. h3 c2 0-1

[Event "Fagernes Norsk op-A"]
[Site "Fagernes"]
[Date "2014.04.14"]
[Round "2"]
[White "Djurhuus, Eivind X"]
[Black "Flermoen, Peter"]
[Result "1/2-1/2"]
[WhiteElo "1977"]
[BlackElo "2232"]
[PlyCount "93"]
[EventDate "2014.04.13"]
[EventType "swiss"]
[EventRounds "9"]
[EventCountry "NOR"]
[SourceTitle "CBM 159 Extra"]
[Source "ChessBase"]
[SourceDate "2014.04.24"]
[SourceVersion "1"]
[SourceVersionDate "2014.04.24"]
[SourceQuality "1"]

1. c4 e5 2. g3 Nc6 3. Nc3 g6 4. Bg2 Bg7 5. e4 Nge7 6. Nge2 d6 7. 0-0 Be6 8. d3 Qd7 9. Nd5 Bxd5 10. cxd5 Nd8 11. d4 0-0 12. f4 exd4 13. Nxd4 c6 14. dxc6 Ndxc6 15. Nb5 Rad8 16. Nc3 f5 17. Qb3+ Kh8 18. Be3 fxe4 19. Nxe4 Nf5 20. Rad1 Na5 21. Qd3 Nc4 22. Bc1 Nxb2 23. Bxb2 Bxb2 24. Nc5 Qc8 25. Nxb7 Rd7 26. Qb3 Bg7 27. Rd3 d5 28. Rb1 Nd4 29. Qb4 Ne2+ 30. Kh1 Nc3 31. Rb3 Nxa2 32. Qd2 Qc1+ 33. Qd1 Re8 34. Qxc1 Nxc1 35. Re3 Rc8 36. Bh3 Nxb3 37. Bxd7 Rc7 38. Re8+ Bf8 39. Rxf8+ Kg7 40. Rd8 Rxb7 41. Bc6 Rc7 42. Bxd5 Nd2 43. Kg2 Nb1 44. Rg8+ Kf6 45. Rf8+ Kg7 46. Rg8+ Kf6 47. Rf8+ 1/2-1/2

[Event "Harstad op-A"]
[Site "Harstad"]
[Date "2013.10.11"]
[Round "2"]
[White "Flermoen, Peter"]
[Black "Rafnung, Skjalg"]
[Result "1-0"]
[WhiteElo "2212"]
[BlackElo "1852"]
[PlyCount "40"]
[EventDate "2013.10.11"]
[EventType "swiss"]
[EventRounds "6"]
[EventCountry "NOR"]
[SourceTitle "EXT 2015"]
[Source "ChessBase"]
[SourceDate "2014.11.20"]
[SourceVersion "1"]
[SourceVersionDate "2014.11.20"]
[SourceQuality "1"]

1. e4 d5 2. exd5 Nf6 3. c4 e6 4. dxe6 Nc6 5. exf7+ Kxf7 6. Nf3 Bc5 7. Be2 Re8 8. 0-0 Bf5 9. Nc3 Bd3 10. b3 Nb4 11. Ba3 a5 12. Bxd3 Qxd3 13. Na4 Ba7 14. Nb2 Qg6 15. Bxb4 axb4 16. d4 Rad8 17. Nd3 Ng4 18. c5 c6 19. h3 Re3 20. fxe3 Nxe3 1-0

[Event "NOR-chT Clubs"]
[Site "Fagernes"]
[Date "2011.10.14"]
[Round "4"]
[White "Flermoen, Peter"]
[Black "Johannessen, Leif Erlend"]
[Result "0-1"]
[WhiteElo "2187"]
[BlackElo "2477"]
[PlyCount "52"]
[EventDate "2011.10.14"]
[EventType "team-tourn"]
[EventRounds "6"]
[EventCountry "NOR"]
[SourceTitle "CBM 144 Extra"]
[Source "ChessBase"]
[SourceDate "2011.10.28"]
[SourceVersion "1"]
[SourceVersionDate "2011.10.28"]
[SourceQuality "1"]

1. e4 e6 2. d4 d5 3. Nc3 Bb4 4. e5 c5 5. a3 Bxc3+ 6. bxc3 Ne7 7. Qg4 cxd4 8. Qxg7 Rg8 9. Qxh7 Qc7 10. Ne2 Nbc6 11. f4 dxc3 12. Qd3 d4 13. Nxd4 Nxd4 14. Qxd4 Bd7 15. Be3 Nf5 16. Qc5 Qc6 17. Qxc6 Bxc6 18. Bf2 0-0-0 19. Rd1 Be4 20. Bd3 Bxd3 21. Rxd3 Rxd3 22. cxd3 Rxg2 23. Kf1 Rxh2 24. Rg1 c2 25. Ke2 Nd4+ 26. Ke3 Nb3 0-1

[Event "NOR-ch North"]
[Site "Tromsoe"]
[Date "2011.06.10"]
[Round "5"]
[White "Royset, Pal"]
[Black "Flermoen, Peter"]
[Result "0-1"]
[WhiteElo "2160"]
[BlackElo "2163"]
[PlyCount "112"]
[EventDate "2011.06.10"]
[EventType "swiss"]
[EventRounds "6"]
[EventCountry "NOR"]
[SourceTitle "EXT 2023"]
[Source "ChessBase"]
[SourceDate "2022.10.05"]
[SourceVersion "1"]
[SourceVersionDate "2022.10.05"]
[SourceQuality "1"]

1. e4 e5 2. Bc4 Nf6 3. d3 c6 4. Nf3 d5 5. exd5 cxd5 6. Bb5+ Bd7 7. Bxd7+ Nbxd7 8. 0-0 Bd6 9. Bg5 Qc7 10. Re1 0-0 11. Nbd2 Rfe8 12. Nf1 Rad8 13. c3 e4 14. Nd4 Be5 15. Nf5 exd3 16. Qxd3 Nc5 17. Qh3 Nce4 18. Be3 h5 19. f3 Nd6 20. Nxg7 Kxg7 21. f4 Bxc3 22. bxc3 Qxc3 23. Rac1 Qd3 24. Red1 Qf5 25. Qh4 Qg4 26. Qg5+ Qxg5 27. fxg5 Ng4 28. Bxa7 Nc4 29. h3 Nge5 30. Bd4 Kg6 31. h4 Ra8 32. Rc2 Nc6 33. Bf6 Re4 34. g3 Nb4 35. Rf2 Rxa2 36. Rxa2 Nxa2 37. Rxd5 Nb4 38. Rd4 Rxd4 39. Bxd4 Nc2 40. Bf6 b5 41. Kf2 b4 42. Ke2 b3 43. Nd2 Nxd2 44. Kxd2 Kf5 45. Kc3 Kg4 46. Kxb3 Ne3 47. Kb4 Kxg3 48. Kc5 Nf5 49. Kd5 Nxh4 50. Kd6 Nf3 51. Ke7 Nxg5 52. Bxg5 f5 53. Kf6 f4 54. Kf5 f3 55. Be3 h4 56. Ke4 f2 0-1

[Event "NOR-ch Noth A"]
[Site "Alta"]
[Date "2011.05.15"]
[Round "4"]
[White "Royset, Pal"]
[Black "Flermoen, Peter"]
[Result "1-0"]
[WhiteElo "2158"]
[BlackElo "2162"]
[PlyCount "117"]
[EventDate "2011.05.13"]
[EventType "swiss"]
[EventRounds "5"]
[EventCountry "NOR"]
[SourceTitle "EXT 2024"]
[Source "ChessBase"]
[SourceDate "2023.10.10"]
[SourceVersion "1"]
[SourceVersionDate "2023.10.10"]
[SourceQuality "1"]

1. e4 c5 2. Nf3 g6 3. c3 Nf6 4. e5 Nd5 5. d4 cxd4 6. cxd4 Bg7 7. Bc4 Nb6 8. Bb3 Nc6 9. 0-0 d6 10. Qe2 Bf5 11. Re1 dxe5 12. dxe5 Qd3 13. Qxd3 Bxd3 14. Nc3 Bc4 15. Be3 Bxb3 16. axb3 0-0 17. g3 Nd7 18. e6 fxe6 19. Ng5 Nde5 20. Red1 Ng4 21. Nxe6 Nxe3 22. fxe3 Rf3 23. Nd5 Bxb2 24. Ra2 Be5 25. Kg2 Rf7 26. b4 Bd6 27. b5 Nb4 28. Nxb4 Bxb4 29. Rxa7 Rf2+ 30. Kxf2 Rxa7 31. Kf3 b6 32. Ke4 Ra5 33. Rb1 Bd2 34. Rb2 Ra4+ 35. Kd3 Bb4 36. Rf2 Ra8 37. Kc4 Bc5 38. Rf3 Rc8 39. Kd5 Bd6 40. e4 h6 41. e5 Bb4 42. Rf4 Bc3 43. g4 g5 44. Rf3 Bb2 45. Rh3 Rc2 46. Rxh6 Rd2+ 47. Kc6 Bxe5 48. Nxg5 Bxh2 49. Kxb6 Bg1+ 50. Kc6 Kg7 51. Re6 Rc2+ 52. Kd7 Rc5 53. Nf3 Rd5+ 54. Kxe7 Bf2 55. Re5 Rd3 56. Rg5+ Kh6 57. Rf5 Bg3 58. Ne5 Rb3 59. Kf7 1-0

[Event "NOR-ch Noth A"]
[Site "Alta"]
[Date "2011.05.14"]
[Round "2"]
[White "Flermoen, Peter"]
[Black "Jaeger, Frode Bull"]
[Result "1/2-1/2"]
[WhiteElo "2162"]
[BlackElo "2080"]
[PlyCount "30"]
[EventDate "2011.05.13"]
[EventType "swiss"]
[EventRounds "5"]
[EventCountry "NOR"]
[SourceTitle "EXT 2024"]
[Source "ChessBase"]
[SourceDate "2023.10.10"]
[SourceVersion "1"]
[SourceVersionDate "2023.10.10"]
[SourceQuality "1"]

1. e4 c5 2. Nc3 Nc6 3. g3 g6 4. Bg2 Bg7 5. Nge2 d6 6. d3 Rb8 7. Rb1 e5 8. 0-0 Nge7 9. Be3 b5 10. a3 a5 11. a4 b4 12. Nb5 Nd4 13. Nexd4 cxd4 14. Bd2 0-0 15. c4 Qb6 1/2-1/2

[Event "Fagernes Norsk op-A"]
[Site "Fagernes"]
[Date "2011.04.23"]
[Round "8"]
[White "Bosch, Jeroen"]
[Black "Flermoen, Peter"]
[Result "1-0"]
[WhiteElo "2424"]
[BlackElo "2155"]
[PlyCount "117"]
[EventDate "2011.04.17"]
[EventType "swiss"]
[EventRounds "9"]
[EventCountry "NOR"]
[SourceTitle "CBM 141 Extra"]
[Source "ChessBase"]
[SourceDate "2011.05.03"]
[SourceVersion "1"]
[SourceVersionDate "2011.05.03"]
[SourceQuality "1"]

1. g3 g6 2. Bg2 Bg7 3. e4 c5 4. Ne2 Nc6 5. c3 e5 6. 0-0 Nge7 7. Na3 0-0 8. d3 d5 9. Be3 b6 10. Qa4 d4 11. cxd4 exd4 12. Bd2 Ne5 13. Nc1 Bd7 14. Qd1 Qc8 15. f4 N5c6 16. Nc4 f6 17. Nd6 Qc7 18. Qb3+ Kh8 19. Nf7+ Kg8 20. Nh6+ Kh8 21. Nf7+ Kg8 22. Ne5+ Kh8 23. Nxd7 Qxd7 24. Ne2 Rad8 25. a3 f5 26. e5 Nd5 27. Rf2 Rfe8 28. Rc1 Bh6 29. Qc2 Re6 30. b4 Ne3 31. Qa2 Bf8 32. bxc5 Bxc5 33. Bf3 Nd5 34. Qb3 Nc3 35. Kg2 Na5 36. Qb2 Qa4 37. Bxc3 dxc3 38. Nxc3 Qb3 39. Qxb3 Nxb3 40. Rb1 Bxf2 41. Rxb3 Bd4 42. Nb5 a5 43. Nxd4 Rxd4 44. Kf2 Re8 45. Ke3 Red8 46. Bc6 Kg7 47. Bb5 a4 48. Rb1 R4d5 49. Bc4 Rc5 50. Rxb6 Rdc8 51. Rb4 Ra5 52. d4 Raa8 53. Rb7+ Kh6 54. Kd3 Rab8 55. Rxb8 Rxb8 56. d5 g5 57. d6 Kg6 58. Kd4 h5 59. h4 1-0

[Event "Fagernes Norsk op-A"]
[Site "Fagernes"]
[Date "2011.04.18"]
[Round "2"]
[White "Karlsson, Lars"]
[Black "Flermoen, Peter"]
[Result "1-0"]
[WhiteElo "2475"]
[BlackElo "2155"]
[PlyCount "117"]
[EventDate "2011.04.17"]
[EventType "swiss"]
[EventRounds "9"]
[EventCountry "NOR"]
[SourceTitle "CBM 141 Extra"]
[Source "ChessBase"]
[SourceDate "2011.05.03"]
[SourceVersion "1"]
[SourceVersionDate "2011.05.03"]
[SourceQuality "1"]

1. b3 d5 2. Bb2 Nf6 3. f4 g6 4. Nf3 Bg7 5. e3 0-0 6. Be2 c5 7. 0-0 Nc6 8. Bb5 Qc7 9. Bxc6 Qxc6 10. Qe2 Rd8 11. d3 e6 12. Nbd2 b5 13. a4 a6 14. Ne5 Qb7 15. axb5 axb5 16. Rxa8 Qxa8 17. Ra1 Qb7 18. b4 cxb4 19. Bd4 Qc7 20. Nb3 Bb7 21. Nc5 Ra8 22. Qe1 Rxa1 23. Qxa1 Ne8 24. Ned7 Bxd4 25. Qxd4 Bc8 26. Ne5 f6 27. Nf3 Qa5 28. Nb3 Qc7 29. Qxb4 Bd7 30. Qe7 Qd6 31. Qxd6 Nxd6 32. Nc5 Bc8 33. Nd4 Kf7 34. Nc6 Ke8 35. Kf2 Bd7 36. Nb4 Ke7 37. g4 h5 38. gxh5 gxh5 39. e4 dxe4 40. dxe4 Nc4 41. Nxd7 Kxd7 42. Kg3 e5 43. Nd5 Nd2 44. Nxf6+ Ke6 45. Nxh5 Nxe4+ 46. Kg4 Nd6 47. Ng3 Nc4 48. f5+ Kf7 49. c3 Ne3+ 50. Kg5 Nd5 51. Ne4 b4 52. cxb4 Nxb4 53. h4 Nd5 54. h5 Nf4 55. Nd6+ Kg8 56. f6 Ne6+ 57. Kf5 Nf4 58. f7+ Kf8 59. h6 1-0

[Event "Fagernes Norsk op-A"]
[Site "Fagernes"]
[Date "2011.04.17"]
[Round "3"]
[White "Flermoen, Peter"]
[Black "Rodvik, Trym Daniel"]
[Result "1-0"]
[WhiteElo "2155"]
[BlackElo "1782"]
[PlyCount "51"]
[EventDate "2011.04.17"]
[EventType "swiss"]
[EventRounds "9"]
[EventCountry "NOR"]
[SourceTitle "CBM 141 Extra"]
[Source "ChessBase"]
[SourceDate "2011.05.03"]
[SourceVersion "1"]
[SourceVersionDate "2011.05.03"]
[SourceQuality "1"]

1. e4 e5 2. Nf3 Nc6 3. Bc4 Bc5 4. 0-0 d6 5. h3 Nf6 6. c3 a6 7. d4 Ba7 8. Re1 0-0 9. Bg5 h6 10. Bh4 g5 11. dxe5 dxe5 12. Qxd8 Rxd8 13. Bg3 g4 14. Nxe5 Nxe5 15. Bxe5 Nxe4 16. Rxe4 Rd1+ 17. Kh2 gxh3 18. gxh3 b5 19. Be2 Rc1 20. Bf4 Rc2 21. Na3 Rxb2 22. Rg1+ Kh7 23. Be5 Bb7 24. Rg7+ Kh8 25. Rh4 Be3 26. Rgg4+ 1-0

[Event "Wch U14"]
[Site "Porto Carras"]
[Date "2010.10.27"]
[Round "8"]
[White "Santos Latasa, Jaime"]
[Black "Flermoen, Peter"]
[Result "1-0"]
[WhiteElo "2263"]
[BlackElo "2155"]
[PlyCount "47"]
[EventDate "2010.10.20"]
[EventType "swiss"]
[EventRounds "11"]
[EventCountry "GRE"]
[SourceTitle "EXT 2011"]
[Source "ChessBase"]
[SourceDate "2010.11.26"]
[SourceVersion "1"]
[SourceVersionDate "2010.11.26"]
[SourceQuality "1"]

1. e4 c5 2. Nf3 Nc6 3. d4 cxd4 4. Nxd4 g6 5. c4 Nf6 6. Nc3 d6 7. Nc2 Bg7 8. Be2 0-0 9. 0-0 Nd7 10. Bd2 Nc5 11. b4 Bxc3 12. Bxc3 Nxe4 13. Bb2 Be6 14. b5 Ne5 15. Qd4 Nf6 16. f4 Ned7 17. g4 Rc8 18. Ne3 Nc5 19. f5 gxf5 20. g5 Na4 21. gxf6 Nxb2 22. fxe7 Qxe7 23. Qxb2 Rc5 24. Bd3 1-0